Tratado práctico de la legislación bancaria: recopilación sistemática de la legislación relativa al régimen legal de los bancos y de las operaciones que efectuan y comentarios a las instituciones que las rigen
Zapisane w:
| 1. autor: | |
|---|---|
| Format: | Książka |
| Język: | hiszpański |
| Wydane: |
Barcelona
Bosch
1923
|
| Seria: | Leyes Mercantiles de España, 3
|
| Hasła przedmiotowe: | |
| Etykiety: |
Dodaj etykietę
Nie ma etykietki, Dołącz pierwszą etykiete!
|
MARC
| LEADER | 00000nam a2200000 a 4500 | ||
|---|---|---|---|
| 001 | UCS1844 | ||
| 003 | CL-VaPUC | ||
| 008 | 970515e19230000SP |||||||||||||||||spa|d | ||
| 082 | 0 | 4 | |a 346.082 |b GAY |2 21 |
| 100 | |a Gay de Montellá, R |e author |9 387021 | ||
| 245 | 1 | 0 | |a Tratado práctico de la legislación bancaria: recopilación sistemática de la legislación relativa al régimen legal de los bancos y de las operaciones que efectuan y comentarios a las instituciones que las rigen |
| 300 | |a 396 p | ||
| 942 | |c BK | ||
| 945 | |d 19970515 00:00:00 |a paguirre | ||
| 260 | |a Barcelona |b Bosch |c 1923 | ||
| 650 | 0 | |a Derecho comercial |9 256340 | |
| 650 | 0 | |a Bancos |9 254963 | |
| 650 | 0 | |a Operaciones bancarias |9 337857 | |
| 650 | 7 | |a CUENTAS BANCARIAS |2 CL-VaPUC |9 256213 | |
| 650 | 7 | |a CUENTAS CORRIENTES BANCARIAS |2 CL-VaPUC |9 381089 | |
| 583 | |a last modification |c 19970515 00:00:00 |k Rodrigo Vera | ||
| 490 | 0 | |a Leyes Mercantiles de España, 3 | |
| 999 | |c 259876 |d 259874 | ||
| 952 | |0 0 |1 0 |4 0 |6 346_082000000000000_GAY_1923 |7 0 |8 X |9 285375 |a BIBDER |b BIBDER |d 2019-11-19 |i 1853880 |o 346.082 GAY 1923 |p 1853880 |r 2023-01-25 |w 2019-11-19 |y BK_X |k DER | ||